000 00536nam a22001817a 4500
005 20241002093653.0
008 241002b |||||||| |||| 00| 0 eng d
020 _a9781485150978
041 _aEnglish
082 _a344.1 GRO
100 _lEnglish
245 _aLabour Litigation and Dispute Resolution /
_cJ Grogan
250 _aFourth Edition
260 _aCape Town:
_bJuta and Company Ltd,
_c2023
300 _bxxiv, 665 pages;
_c25 cm.
650 _aLegal practice
_bLaw
942 _cBK
_6ALISON_BN_VRIES
999 _c3194
_d3194